Bio-remediation - earthworms get their fill (Record no. 74361)

MARC details
000 -LEADER
fixed length control field 00957cam a2200205 4500
001 - CONTROL NUMBER
control field X125795
008 - FIXED-LENGTH DATA ELEMENTS--GENERAL INFORMATION
fixed length control field 040408n2004 000 0 eng u
035 ## - SYSTEM CONTROL NUMBER
System control number (Sirsi) u125795
100 ## - MAIN ENTRY--PERSONAL NAME
Personal name Lowe, C.
245 ## - TITLE STATEMENT
Title Bio-remediation - earthworms get their fill
260 ## - PUBLICATION, DISTRIBUTION, ETC.
Date of publication, distribution, etc. 2004
490 ## - SERIES STATEMENT
Series statement Wastes Management
Volume/sequential designation March 2004, 16-17(2)
520 ## - SUMMARY, ETC.
Summary, etc. Reports on some of the latest land remediation techniques. Discusses the use of earthworms in landfill cap restoration, suggesting their activities such as deep burrowing, shallow working and litter dwelling, can enhance restoration in degraded land. Current trials are investigating their development and examines the Earthworm Inoculation Unit technique, which seeks to introduce worms into controlled scenarios.
650 ## - SUBJECT ADDED ENTRY--TOPICAL TERM
Topical term or geographic name entry element EARTHWORMS
650 ## - SUBJECT ADDED ENTRY--TOPICAL TERM
Topical term or geographic name entry element BIO-REMEDIATION
650 ## - SUBJECT ADDED ENTRY--TOPICAL TERM
Topical term or geographic name entry element LAND REMEDIATION
650 ## - SUBJECT ADDED ENTRY--TOPICAL TERM
Topical term or geographic name entry element LANDFILL
690 ## - LOCAL SUBJECT ADDED ENTRY--TOPICAL TERM (OCLC, RLIN)
Topical term or geographic name as entry element ENVIRONMENTAL AND LAND CONSULTANCY-WASTE MANAGEMENT
942 ## - ADDED ENTRY ELEMENTS (KOHA)
Suppress in OPAC 0
Holdings
Withdrawn status Lost status Source of classification or shelving scheme Damaged status Not for loan Home library Current library Shelving location Date acquired Total Checkouts Full call number Barcode Date last seen Copy number Price effective from Koha item type
    Dewey Decimal Classification     London London Journal article 08/04/2004   X125795 125795-1001 06/08/2019 1 06/08/2019 Journal article